00374nas a22001337a 4500008004100000022001400041245002200055260007600077300000900153310001400162546001400176650002100190856002900211130405t20019999ag ||||| |||| 00| 0 spa d a1667-8982 aSalud (i) Ciencia aBuenos Aires,bSociedad Iberoamericana de Informacion Cientifica:c2001 av. : abimestral aespañol aMEDICINA INTERNA uhttp://www.siicsalud.com